Le rallye Dakar * Vrai/Faux - Statistiques

Statistiques générales
  • Ce quiz a été pris 80 fois
  • Le résultat moyen est 23 sur 60
Statistiques - réponses
Question Réponse % Correct
Le rallye a été imaginé par Thierry Sabine après avoir participé à une course dans le désert VRAI
85%
Le premier Rallye part de Paris le 26 décembre 1978 VRAI
85%
La première édition réunit 70 équipages FAUX
77%
L'itinéraire a changé plus de dix fois depuis la création VRAI
77%
Le chanteur Daniel Balavoine est tué dans le même accident que Thierry Sabine VRAI
77%
Cyril Neveu est le premier vainqueur en automobile FAUX
69%
En 1981, il y a 291 équipages au départ VRAI
69%
Jacky Ickx, vainqueur avec Claude Brasseur en 1983 est un pilote de Formule 1 VRAI
69%
Le premier équipage à gagner en catégorie auto est français VRAI
69%
Les Français Cyril Neveu et Cyril Despres cumulent à eux deux 10 victoires en moto VRAI
69%
Le pilote ayant remporté le plus de victoires est Stéphane Peterhansel VRAI
62%
C'est un russe qui a remporté le plus de victoires dans la catégorie camions VRAI
62%
Depuis la création 33 concurrents et 7 journalistes sont morts sur le Dakar VRAI
62%
Cinq champions du monde des rallyes-raid ont remporté le Dakar VRAI
54%
Les pilotes camion ont deux copilotes VRAI
54%
Le Finlandais Ari Vatanen a gagné 50 étapes du Dakar VRAI
54%
Lors de l'émission 2013, 301 concurrents ont passé la ligne d'arrivée, un record VRAI
54%
La marque de camions ayant remporté le plus de victoires est russe VRAI
54%
Depuis sa création, le Dakar est parti plus de 20 fois de France VRAI
54%
En 2023, le Dakar s'est déroulé en Arabie Saoudite VRAI
54%
Stéphane Peterhansel a gagné 7 fois en moto et 7 en automobile FAUX
46%
Depuis 2022, il existe une catégorie réservée aux Protos Légers VRAI
46%
Les frais d'inscription en moto sont d'environ 15000 euros VRAI
46%
Les pilotes français, toutes catégories confondues, ont remporté plus de 550 victoires d'étape VRAI
46%
La France, le Japon et l'Allemagne comptent le plus grand nombre de constructeurs de voitures ayant participé au Dakar VRAI
46%
Le Dakar se déroule pour la première fois en Amérique du Sud en 2011 FAUX
38%
Le constructeur ayant remporté le plus de victoires d'étapes en autos est Peugeot FAUX
38%
En 1986, un peu moins de 21% des engagés ont passé la ligne finale VRAI
38%
Le pilote qui compte le plus de participations est Yoshimasa Sugawara VRAI
38%
Les pays à la deuxième et troisième places en nombre de victoires d'étapes sont l'Espagne et la Russie VRAI
38%
En 1985, Thierry Sabine meurt dans un accident d'hélicoptère sur la course FAUX
31%
L'émission du Dakar 2008 est annulée à cause de trouble au Maroc FAUX
31%
En 2023, on peut courir dans 4 catégories FAUX
31%
Stéphane Peterhansel détient le record du nombre de victoires d'étapes avec 63 FAUX
31%
Le plus haut pourcentage d'engagés présents à l'arrivée (env. 69%) a été atteint en 2000 FAUX
31%
L'engagé le plus jeune est Sheldon Creed en 1983 FAUX
31%
En 1984, Hubert Auriol a gagné 10 étapes en catégorie autos FAUX
31%
C'est lors de l'édition 1988 qu'il y a eu le plus grand nombre de concurrents VRAI
31%
Yoshimasa Sugawara detient les records du nombre d'engagements, du nombre d'engagements consécutifs, du nombre de présences à l'arrivée, du plus grand nombre d'arrivées consécutives et du plus grand nombre de catégories (3) VRAI
31%
Depuis 1981, les pilotes français, toutes catégories confondues, ont gagné plus de 40 victoires finales VRAI
31%
Deux arrivées ont été jugées en Egypte VRAI
31%
Le vainque de la catégorie moto en 2000 est le Français Stéphane Peterhansel FAUX
23%
Avant de devenir une catégorie à part entière, la catégorie Quad était jusqu'en 2012 une sous-catégorie de celle réservée aux motos FAUX
23%
L'année la plus creuse, avec le moins d'engagés est 1996 FAUX
23%
Le constructeur ayant le plus gagné le Dakar avec une moto est Yamaha FAUX
23%
Le parcours le plus court est celui de 1981. VRAI
23%
Aucun Français n'a gagné en catégorie quad VRAI
23%
Le Dakar s'est appelé précédemment Paris-Alger-Dakar et Paris-Dakar VRAI
23%
Renault a gagné une seule fois le Dakar comme Citroën FAUX
15%
Les Chiliens dominent la catégorie quad FAUX
15%
Le Dakar est passé par l'Espagne et l'Italie FAUX
15%
En 1994, Pierre Lartigue a gagné 10 étapes en catégorie autos VRAI
15%
L'arrivée du Dakar a été jugée une fois en France. VRAI
15%
Le parcours le plus long est celui de 1982. FAUX
8%
Un type de véhicule a gagné 22 fois FAUX
8%
En 1982, l'engagé le plus âgé de toute l'histoire du Dakar a 81 ans FAUX
8%
Depuis sa création, le Dakar est parti 8 fois d'Amérique FAUX
8%
Le Dakar est arrivé de sa création à 2006 plus de 30 fois au Sénégal FAUX
8%
Le pays s'est déroulé dans plus de 40 pays différents. FAUX
0%
Le constructeur ayant le plus gagné le Dakar avec une automobile est Yamaha VRAI
0%
Aucun quiz correspondant
Distribution des résultats
% des personnes avec chaque résultat
Percentile par nombre de réponses
Votre historique - résultats
Vous n’avez pas pris ce quiz